<?xml version="1.0" encoding="UTF-8"?>
<record
    xmlns:xsi="http://www.w3.org/2001/XMLSchema-instance"
    xsi:schemaLocation="http://www.loc.gov/MARC21/slim http://www.loc.gov/standards/marcxml/schema/MARC21slim.xsd"
    xmlns="http://www.loc.gov/MARC21/slim">

  <leader>00747nam a22002417a 4500</leader>
  <controlfield tag="003">UA-OsUOA</controlfield>
  <controlfield tag="001"> 68817 </controlfield>
  <controlfield tag="007">ta</controlfield>
  <controlfield tag="008">20100519b un ||||| |||| 00| 0 ukr d</controlfield>
  <datafield tag="100" ind1=" " ind2=" ">
    <subfield code="a">&#x41F;&#x43B;&#x438;&#x441;&#x44E;&#x43A; &#x412;.</subfield>
  </datafield>
  <datafield tag="090" ind1=" " ind2=" ">
    <subfield code="a">82.09(477.82)</subfield>
    <subfield code="b">&#x41F;38</subfield>
  </datafield>
  <datafield tag="942" ind1=" " ind2=" ">
    <subfield code="c">BK</subfield>
  </datafield>
  <datafield tag="040" ind1=" " ind2=" ">
    <subfield code="a">UA-OsUOA</subfield>
    <subfield code="b">ukr</subfield>
    <subfield code="c">UA-OsUOA</subfield>
    <subfield code="d">UA-OsUOA</subfield>
  </datafield>
  <datafield tag="245" ind1=" " ind2=" ">
    <subfield code="a">&#x41F;&#x43E;&#x435;&#x437;&#x456;&#x44F; &#x434;&#x443;&#x448;&#x435;&#x432;&#x43D;&#x43E;&#x433;&#x43E; &#x456;&#x43D;&#x442;&#x435;&#x43B;&#x435;&#x43A;&#x442;&#x443;</subfield>
    <subfield code="b">&#x41D;&#x430;&#x440;&#x438;&#x441; &#x43F;&#x43E;&#x435;&#x442;&#x438;&#x447;&#x43D;&#x43E;&#x457; &#x442;&#x432;&#x43E;&#x440;&#x447;&#x43E;&#x441;&#x442;&#x456; &#x41F;&#x435;&#x442;&#x440;&#x430; &#x413;&#x43E;&#x446;&#x44F; &#x437; &#x43D;&#x430;&#x433;&#x43E;&#x434;&#x438; 70-&#x440;&#x456;&#x447;&#x447;&#x44F;</subfield>
  </datafield>
  <datafield tag="300" ind1=" " ind2=" ">
    <subfield code="a">32 &#x441;.</subfield>
  </datafield>
  <datafield tag="955" ind1=" " ind2=" ">
    <subfield code="a">2</subfield>
  </datafield>
  <datafield tag="041" ind1=" " ind2=" ">
    <subfield code="a">ukr</subfield>
  </datafield>
  <datafield tag="080" ind1=" " ind2=" ">
    <subfield code="a">82.09(477.82)</subfield>
  </datafield>
  <datafield tag="020" ind1=" " ind2=" ">
    <subfield code="a">978-966-665-504-5</subfield>
  </datafield>
  <datafield tag="260" ind1=" " ind2=" ">
    <subfield code="a">&#x41B;&#x44C;&#x432;&#x456;&#x432;</subfield>
    <subfield code="b">&#x421;&#x43F;&#x43E;&#x43B;&#x43E;&#x43C;</subfield>
    <subfield code="c">2007</subfield>
  </datafield>
  <datafield tag="650" ind1=" " ind2="7">
    <subfield code="a">82 &#x41B;&#x456;&#x442;&#x435;&#x440;&#x430;&#x442;&#x443;&#x440;&#x430;. &#x41B;&#x456;&#x442;&#x435;&#x440;&#x430;&#x442;&#x443;&#x440;&#x43E;&#x437;&#x43D;&#x430;&#x432;&#x441;&#x442;&#x432;&#x43E;</subfield>
    <subfield code="2">UDC</subfield>
  </datafield>
  <datafield tag="999" ind1=" " ind2=" ">
    <subfield code="c">355078</subfield>
    <subfield code="d">355078</subfield>
  </datafield>
  <datafield tag="952" ind1=" " ind2=" ">
    <subfield code="0">0</subfield>
    <subfield code="1">0</subfield>
    <subfield code="2">udc</subfield>
    <subfield code="4">0</subfield>
    <subfield code="7">0</subfield>
    <subfield code="a">101</subfield>
    <subfield code="b">101</subfield>
    <subfield code="d">2010-05-19</subfield>
    <subfield code="e">50/2010</subfield>
    <subfield code="g">10.00</subfield>
    <subfield code="i">127801</subfield>
    <subfield code="l">0</subfield>
    <subfield code="o">82.09(477.82) &#x41F;38</subfield>
    <subfield code="p">127801</subfield>
    <subfield code="r">2022-02-10 00:00:00</subfield>
    <subfield code="w">2010-05-19</subfield>
    <subfield code="y">BK</subfield>
  </datafield>
</record>
